Cuentos escritos antes del exilio. / (Registro nro. 13814)

Detalles MARC
000 -LEADER
fixed length control field 01283nam a2200289 a 4500
001 - CONTROL NUMBER
control field 000048441
003 - CONTROL NUMBER IDENTIFIER
control field Ost
005 - DATE AND TIME OF LATEST TRANSACTION
control field 20211020114657.0
008 - FIXED-LENGTH DATA ELEMENTS--GENERAL INFORMATION
fixed length control field 190315s2010 dr r 000 j spa d
020 ## - INTERNATIONAL STANDARD BOOK NUMBER
International Standard Book Number 9789945873542
040 ## - CATALOGING SOURCE
Original cataloging agency DO-SdBNP
Language of cataloging spa
Transcribing agency BPMSU
082 ## - DEWEY DECIMAL CLASSIFICATION NUMBER
Classification number RD863.44
Item number B742c, 2010
Edition number 22
100 1# - MAIN ENTRY--PERSONAL NAME
Personal name Bosch, Juan,
Dates associated with a name 1909-2001
9 (RLIN) 1
245 10 - TITLE STATEMENT
Title Cuentos escritos antes del exilio. /
Statement of responsibility, etc. Juan Bosch ; prólogo Bruno Rosario Candelier.
260 ## - PUBLICATION, DISTRIBUTION, ETC. (IMPRINT)
Place of publication, distribution, etc. Santo Domingo :
Name of publisher, distributor, etc. Ministerio de Cultura,
Date of publication, distribution, etc. 2010
300 ## - PHYSICAL DESCRIPTION
Extent 213p. ;
Dimensions 23 cm.
490 0# - SERIES STATEMENT
Series statement Centenario ;
-- Literatura
500 ## - GENERAL NOTE
General note Incluye datos biográficos del autor en la solapa de la cubierta
505 0# - FORMATTED CONTENTS NOTE
Formatted contents note La mujer --
Title Dos pesos de agua --
-- La verdad --
-- Piloncito --
-- El resguardo --
-- El cobarde --
-- Chucho --
-- La pulpería --
-- Revolución --
-- El abuelo --
-- Sombras --
-- El alzado --
-- La pájara --
-- El algarrobo --
-- Forzados --
-- El cuchillo --
-- Cundito --
-- Guaraguaos --
-- La sangre --
-- Lucero --
-- Lo mejor --
-- San Andrés --
-- La negación --
-- Camino real.
590 ## - LOCAL NOTE (RLIN)
Local note Inventariado, 2021/VM
650 14 - SUBJECT ADDED ENTRY--TOPICAL TERM
Topical term or geographic name as entry element Cuentos dominicanos
650 #4 - SUBJECT ADDED ENTRY--TOPICAL TERM
Topical term or geographic name as entry element Literatura dominicana.
700 ## - ADDED ENTRY--PERSONAL NAME
Personal name Rosario Candelier, Bruno,
Dates associated with a name 1941-
Relator term pról.
700 z# - ADDED ENTRY--PERSONAL NAME
Personal name Candelier, Bruno Rosario,
Dates associated with a name 1941
910 ## - USER-OPTION DATA (OCLC)
User-option data VMateo V.
942 ## - ADDED ENTRY ELEMENTS (KOHA)
Source of classification or shelving scheme Dewey Decimal Classification
Koha item type Libros
Existencias
Withdrawn status Lost status Source of classification or shelving scheme Damaged status Not for loan Collection code Home library Current library Date acquired Source of acquisition Total Checkouts Full call number Barcode Date last seen Price effective from Koha item type Copy number
    Dewey Decimal Classification     Colección Dominicana Biblioteca Pública Metropolitana Salomé Ureña Biblioteca Pública Metropolitana Salomé Ureña 10/20/2021 Fundación Juan Bosch   BPMSU CD RD863.44 B742c 2010 BPMSU21100132 10/20/2021 10/20/2021 Libros  
    Dewey Decimal Classification     Colección Dominicana Biblioteca Pública Metropolitana Salomé Ureña Biblioteca Pública Metropolitana Salomé Ureña 10/20/2021 Fundación Juan Bosch   BPMSU CD RD863.44 B742c 2010 BPMSU25060080 06/20/2025 10/20/2021 Libros e.2
    Dewey Decimal Classification     Colección Dominicana Biblioteca Pública Metropolitana Salomé Ureña Biblioteca Pública Metropolitana Salomé Ureña 10/20/2021 Fundación Juan Bosch   BPMSU CD RD863.44 B742c 2010 BPMSU25060081 06/20/2025 10/20/2021 Libros e.3